Statistics for UEFA Champions League/Europa League Final Host Cities

Click here to take the quiz!

General Stats

  • This quiz has been taken 417 times
    (144 since last reset)
  • The average score is 82 of 102

Answer Stats

HintChampions League% Correct
1963 | 1968 | 1971 | +5 othersLondon
98%
1957 | 1969 | 1980 | +2 othersMadrid
98%
1956 | 1975 | 1981 | +4 othersParis
98%
1979 | 1993 | 1997 | +2 othersMunich
96%
2005 | 2009 | 2023Istanbul
95%
1967 | 2005 | 2014 | 2020Lisbon
95%
1965 | 1970 | 2001 | 2016Milan
94%
1977 | 1984 | 1996 | 2009Rome
94%
1989 | 1999Barcelona
92%
2015Berlin
92%
1999 | 2008Moscow
90%
2003 | 2008Manchester
89%
1962 | 1998 | 2013Amsterdam
88%
2018Kiev
87%
2021Porto
86%
1986 | 2003 | 2022Seville
84%
2014Turin
84%
1964 | 1987 | 1990 | 1995Vienna
83%
1983 | 1994 | 2007Athens
82%
2023Budapest
80%
1960 | 1976 | 2002 | 2007Glasgow
80%
2017Stockholm
78%
2017Cardiff
77%
2000Copenhagen
75%
2011 | 2024Dublin
75%
1958 | 1966 | 1974 | 1985Brussels
74%
2015Warsaw
74%
2018Lyon
73%
1973Belgrade
72%
2023Prague
72%
2012Bucharest
67%
2001Dortmund
65%
2010Hamburg
65%
1972 | 1982 | 2002Rotterdam
61%
1961Bern
59%
2019Baku
52%
2020Cologne
51%
2016Basel
50%
2025Bilbao
47%
1959 | 1988Stuttgart
47%
2004Gelsenkirchen
43%
2022Tirana
41%
2006Eindhoven
37%
1991Bari
35%
2004Gothenburg
32%
2021Gdansk
29%
Conference League
4%
Europa League
4%

Score Distribution

Percentile by Number Answered

Percent of People with Each Score

Your Score History

You have not taken this quiz since the last reset